Computer Fundamentals and C Programming (Record no. 7823)
[ view plain ]
| 000 -LEADER | |
|---|---|
| fixed length control field | 00336nam a2200133Ia 4500 |
| 008 - FIXED-LENGTH DATA ELEMENTS--GENERAL INFORMATION | |
| fixed length control field | 191201s2011 xx 000 0 und d |
| 082 ## - DEWEY DECIMAL CLASSIFICATION NUMBER | |
| Classification number | 004 |
| Item number | BAC |
| 100 ## - MAIN ENTRY--PERSONAL NAME | |
| Personal name | BASU, PN |
| 245 #0 - TITLE STATEMENT | |
| Title | Computer Fundamentals and C Programming |
| 250 ## - EDITION STATEMENT | |
| Edition statement | 1st |
| 260 ## - PUBLICATION, DISTRIBUTION, ETC. (IMPRINT) | |
| Date of publication, distribution, etc | 2011 |
| Name of publisher, distributor, etc | Vikas Publication House |
| Place of publication, distribution, etc | NEW DELHI |
| 300 ## - PHYSICAL DESCRIPTION | |
| Extent | 362 |
| 942 ## - ADDED ENTRY ELEMENTS (KOHA) | |
| Source of classification or shelving scheme | Dewey Decimal Classification |
| Koha item type | Text Books |
| 942 ## - ADDED ENTRY ELEMENTS (KOHA) | |
| -- | 8 |
| Withdrawn status | Lost status | Source of classification or shelving scheme | Damaged status | Not for loan | Collection code | Home library | Current library | Date acquired | Source of acquisition | Cost, normal purchase price | Bill Number | Total Checkouts | Full call number | Acc. no. / Barcode | Date last seen | Date last borrowed | Actual Cost, discounted price | Bill Date | Koha item type |
|---|---|---|---|---|---|---|---|---|---|---|---|---|---|---|---|---|---|---|---|
| Dewey Decimal Classification | BCA | PIET C-LIBRARY | PIET C-LIBRARY | 09/04/2012 | IBH, New Delhi | 275.00 | 10249 | 4 | 004 BAC | BC326 | 23/11/2022 | 11/11/2022 | 182.16 | 09/04/2012 | Text Books | ||||
| Dewey Decimal Classification | BCA | PIET C-LIBRARY | PIET C-LIBRARY | 09/04/2012 | IBH, New Delhi | 275.00 | 10249 | 1 | 004 BAC | BC327 | 07/02/2022 | 03/01/2022 | 182.16 | 09/04/2012 | Text Books | ||||
| Dewey Decimal Classification | BCA | PIET C-LIBRARY | PIET C-LIBRARY | 09/04/2012 | IBH, New Delhi | 275.00 | 10249 | 3 | 004 BAC | BC328 | 04/10/2022 | 20/09/2022 | 182.16 | 09/04/2012 | Text Books |